|
|
|
|
| LEADER |
00775cam a2200193 7i4500 |
| 001 |
0000024943 |
| 005 |
20230714090000.0 |
| 008 |
081120 eng |
| 020 |
|
|
|a 9789673050659 (pbk.)
|
| 090 |
0 |
0 |
|a PE1068.M4
|b S45 2007
|
| 100 |
1 |
|
|a Sekara, Ananda Tilaka
|
| 245 |
1 |
0 |
|a Experiments in holistic and learner-centred language teaching
|c Ananda Tilaka Sekara.
|
| 260 |
|
|
|a Shah Alam, Selangor:
|b University Publication Centre (UPENA),
|c 2007.
|
| 300 |
|
|
|a ix, 70 p.:
|b ill.;
|c 23 cm.
|
| 650 |
0 |
0 |
|a English language --
|x Study and teaching --
|z Malaysia
|
| 997 |
|
|
|a Education & Social Sciences, Faculty
|b Language Education, Department
|
| 998 |
|
|
|a TESL, Diploma
|
| 998 |
|
|
|a Education (TESL), Degree
|
| 999 |
|
|
|a 0000032305
|b BOK
|c OPEN SHELF
|e 1st Floor, Bestari Jaya
|